Социологические и психологические методы исследований в социальной работе: учебное пособие

Bibliographische Detailangaben
1. Verfasser: Новикова С. С. Светлана Сергеевна
Körperschaft: Российский государственный социальный университет
Weitere Verfasser: Соловьев А. В. Александр Викторович
Zusammenfassung:Учебное пособие по курсу «Методика исследования в социальной работе» — первое издание подобного рода на русском языке. В нем дается общее представление о научной методологии, рассматривается специфика предмета исследования в социальных науках, описываются наиболее распространенные методы сбора социологической и психологической информации (опрос, наблюдение, анализ документов, тестирование), а также методы анализа данных (количественные и качественные). Последняя глава посвящена изложению требований к оформлению научной работы. Предназначено для студентов высших учебных заведений, обучающихся по специальности «Социальная работа».
Sprache:Russisch
Veröffentlicht: Москва, Академический проект, 2006
Schriftenreihe:Учебное пособие для высшей школы
Gaudeamus
Schlagworte:
Format: Buch
KOHA link:https://koha.lib.tpu.ru/cgi-bin/koha/opac-detail.pl?biblionumber=112343

MARC

LEADER 00000nam0a2200000 4500
001 112343
005 20231101215044.0
010 |a 5829107260 
010 |a 5-902357-51-9 
035 |a (RuTPU)RU\TPU\book\121451 
035 |a RU\TPU\book\94982 
090 |a 112343 
100 |a 20070327d2006 m y0rusy50 ca 
101 0 |a rus 
102 |a RU 
105 |a y j 001zy 
200 1 |a Социологические и психологические методы исследований в социальной работе  |e учебное пособие  |f С. С. Новикова, А. В. Соловьев  |g Российский государственный социальный университет 
210 |a Москва  |c Академический проект  |d 2006 
215 |a 496 с. 
225 1 |a Учебное пособие для высшей школы 
225 1 |a Gaudeamus 
320 |a Библиогр.: с. 493-494. 
330 |a Учебное пособие по курсу «Методика исследования в социальной работе» — первое издание подобного рода на русском языке. В нем дается общее представление о научной методологии, рассматривается специфика предмета исследования в социальных науках, описываются наиболее распространенные методы сбора социологической и психологической информации (опрос, наблюдение, анализ документов, тестирование), а также методы анализа данных (количественные и качественные). Последняя глава посвящена изложению требований к оформлению научной работы. Предназначено для студентов высших учебных заведений, обучающихся по специальности «Социальная работа». 
451 1 |0 (RuTPU)RU\TPU\book\94982  |y 5-98426-026-3  |t Социологические и психологические методы исследований в социальной работе  |o учебное пособие  |f С. С. Новикова, А. В. Соловьев  |g Российский государственный социальный университет  |c М.  |n Гаудеамус  |n Академический проект  |d 2005  |p 496 с.  |s Gaudeamus  |a Новикова, Светлана Сергеевна 
451 |y 5-8291-0426-1 
606 1 |a Социальная работа  |x Практика  |2 stltpush  |3 (RuTPU)RU\TPU\subj\36957  |9 58148 
610 1 |a экономика 
610 1 |a социологические исследования 
610 1 |a опрос 
610 1 |a сбор 
610 1 |a качественные методы 
610 1 |a количественные методы 
610 1 |a наблюдения 
610 1 |a анализ 
610 1 |a психологические методы 
610 1 |a научные работы 
610 1 |a тексты 
610 1 |a оформление 
610 1 |a библиографическое описание 
610 1 |a структура 
610 1 |a цитирование 
610 1 |a библиографические ссылки 
610 1 |a учебные пособия 
686 |a У9(2)272я73  |v LBC/SL-A  |2 rubbk 
700 1 |a Новикова  |b С. С.  |g Светлана Сергеевна 
701 1 |a Соловьев  |b А. В.  |g Александр Викторович 
712 0 2 |a Российский государственный социальный университет  |2 stltpush  |3 (RuTPU)RU\TPU\col\7804 
801 1 |a RU  |b 63413507  |c 20051226  |g PSBO 
801 2 |a RU  |b 63413507  |c 20210525  |g PSBO 
900 |a Социальная работа 
900 |a Социологические и маркетинговые исследования 
900 |a Социология массовой коммуникации 
900 |a Методика исследований в социальной работе и социальная статистика 
942 |c BK 
951 |b 040101 
959 |a 118/20051223  |d 1  |e 115,61  |f НФ:1